| 000 | 00807cam a2200217 4500500 | ||
|---|---|---|---|
| 005 | 20260322011126.0 | ||
| 041 | _afre | ||
| 042 | _adc | ||
| 100 | 1 | 0 |
_aRevil, Hélèna _eauthor |
| 700 | 1 | 0 |
_aGand, Sébastien _eauthor |
| 245 | 0 | 0 | _aUnderstanding the needs of family caregivers and the bid for more effective action: A problematization through the prism of non-use |
| 260 | _c2023. | ||
| 500 | _a12 | ||
| 690 | _abesoins des proches aidants | ||
| 690 | _acomplexité | ||
| 690 | _anon-recours | ||
| 690 | _aproches aidants | ||
| 690 | _aterritorialisation des dispositifs pour les aidants | ||
| 786 | 0 | _nInformations sociales | o 208 | 4 | 2023-05-03 | p. 120-127 | 0046-9459 | |
| 856 | 4 | 1 | _uhttps://shs.cairn.info/journal-informations-sociales-2022-4-page-120?lang=en&redirect-ssocas=7080 |
| 999 |
_c1762386 _d1762386 |
||